000 00686nam a22001937a 4500
005 20251108164941.0
008 250721s9999 xx 000 0 ara d
082 1 4 _a657/يوس
100 1 _aسعادة، يوسف
_eمؤلف
245 1 0 _aإتجاهات جديدة في المحاسبة الإدارية /
250 _aط2.
264 1 _aالقاهره :
_bالمنظمة العربية للعلوم الإدارية - مركز البحوث الإدارية،
_c[19-].
300 _a64ص
490 0 _aسلسلة الفكر الإداري المعاصر ؛ 51
650 1 7 _aالمحاسبة
650 1 7 _aالمحاسبة الإدارية
942 _2ddc
_cBK
999 _c18195
_d18195